Hospitality (Record no. 1309836)

MARC details
000 -LEADER
fixed length control field 02817cam a2200445 i 4500
001 - CONTROL NUMBER
control field 22975077
005 - DATE AND TIME OF LATEST TRANSACTION
control field 20250430130703.0
008 - FIXED-LENGTH DATA ELEMENTS--GENERAL INFORMATION
fixed length control field 230216s2023 ilu b 001 0 eng
010 ## - LIBRARY OF CONGRESS CONTROL NUMBER
LC control number 2023007540
020 ## - INTERNATIONAL STANDARD BOOK NUMBER
International Standard Book Number 9780226828015
037 ## - SOURCE OF ACQUISITION
Terms of availability TB
040 ## - CATALOGING SOURCE
Original cataloging agency AL
Language of cataloging eng
Description conventions rda
Transcribing agency AL
Modifying agency AL
041 1# - LANGUAGE CODE
Language code of text/sound track or separate title eng
Language code of original fre
042 ## - AUTHENTICATION CODE
Authentication code pcc
050 00 - LIBRARY OF CONGRESS CALL NUMBER
Classification number B2430.D482
Item number E5 2023
084 ## - COLON CLASSIFICATION NUMBER
Classification number R3xN30 R3.1
Assigning agency AL
100 1# - MAIN ENTRY--PERSONAL NAME
Personal name Derrida, Jacques,
Relator term author.
245 10 - TITLE STATEMENT
Title Hospitality
260 ## - PUBLICATION, DISTRIBUTION, ETC.
Place of publication, distribution, etc. Chicago, USA:
Name of publisher, distributor, etc. The University of Chicago Press,
Date of publication, distribution, etc. 2023.
264 #1 - PRODUCTION, PUBLICATION, DISTRIBUTION, MANUFACTURE, AND COPYRIGHT NOTICE
Date of production, publication, distribution, manufacture, or copyright notice 2023.
300 ## - PHYSICAL DESCRIPTION
Extent Vol. 1 (xxiii, 267p.)
Dimensions 24 cm
336 ## - CONTENT TYPE
Content type term text
Content type code txt
Source rdacontent
337 ## - MEDIA TYPE
Media type term unmediated
Media type code n
Source rdamedia
338 ## - CARRIER TYPE
Carrier type term volume
Carrier type code nc
Source rdacarrier
365 ## - TRADE PRICE
Price amount 45.00
Currency code USD
490 1# - SERIES STATEMENT
Series statement The seminars of Jacques Derrida ;
Volume/sequential designation vol. 1
504 ## - BIBLIOGRAPHY, ETC. NOTE
Bibliography, etc. note Includes bibliographical references and index.
520 ## - SUMMARY, ETC.
Summary, etc. "In Hospitality, Volume I, Jacques Derrida continues a seminar series he inaugurated in 1991 under the general title of "Questions of Responsibility." Delivered at the École des Hautes Études en Sciences Sociales (EHESS) in Paris from November 1995 through June 1996, the seminar is guided by questions that focus on responsibility and "the foreigner": How is the foreigner welcomed and/or repressed? What does the notion of the foreigner reveal about kinship, ethnicity, the city, the state, and the nation? What are the stakes of the opposition between friend and enemy? How should we think of this in relation to borders, citizenship, displaced populations, immigration, exile, asylum, integration, assimilation, xenophobia, and racism? Derrida approaches these questions through readings of several classical texts as well as more modern texts from Heidegger, Arendt, and Camus, among others. Central to his project is a rigorous distinction between conventional hospitality (always finite and conditional) and the idea of a hospitality open unconditionally to the newcomer"--
Assigning source Provided by publisher.
650 #0 - SUBJECT ADDED ENTRY--TOPICAL TERM
Topical term or geographic name entry element Other (Philosophy)
9 (RLIN) 753576
650 #0 - SUBJECT ADDED ENTRY--TOPICAL TERM
Topical term or geographic name entry element Other minds (Theory of knowledge)
9 (RLIN) 753577
700 1# - ADDED ENTRY--PERSONAL NAME
Personal name Brault, Pascale-Anne,
Relator term editor.
9 (RLIN) 753578
700 1# - ADDED ENTRY--PERSONAL NAME
Personal name Kamuf, Peggy,
Dates associated with a name 1947-
Relator term editor.
9 (RLIN) 753579
700 1# - ADDED ENTRY--PERSONAL NAME
Personal name Burt, E. S.,
Relator term translator.
9 (RLIN) 753580
800 1# - SERIES ADDED ENTRY--PERSONAL NAME
Personal name Derrida, Jacques.
Title of a work Works.
Form subheading Selections.
Language of a work English.
Date of a work 2009.
9 (RLIN) 753581
906 ## - LOCAL DATA ELEMENT F, LDF (RLIN)
a 7
b cbc
c orignew
d 1
e ecip
f 20
g y-gencatlg
942 ## - ADDED ENTRY ELEMENTS (KOHA)
Source of classification or shelving scheme Colon Classification (CC)
Koha item type Textbook
Classification part R3xN30 R3.1
Suppress in OPAC No
Holdings
Withdrawn status Lost status Source of classification or shelving scheme Damaged status Not for loan Home library Current library Date acquired Source of acquisition Cost, normal purchase price Serial Enumeration / chronology Inventory number Total Checkouts Full call number Barcode Date last seen Price effective from Koha item type
    Colon Classification (CC)     Arts Library Arts Library 2025-04-30 Excel Media 45.00 Vol. 1 6417 & 2024-12-13   R3xN30 R3.1 AL1804211 2025-04-30 2025-04-30 Textbook
Copyright @ Delhi University Library System